Fr. Conceicao Rodrigues College of Engineering

Digital signal processing (Record no. 24143)

MARC details
000 -LEADER
fixed length control field 00313nam a2200145Ia 4500
082 ## - DEWEY DECIMAL CLASSIFICATION NUMBER
Classification number 621.3822
Item number SAB
100 ## - MAIN ENTRY--PERSONAL NAME
Personal name Sabnis/ Anupa
245 ## - TITLE STATEMENT
Title Digital signal processing
260 ## - PUBLICATION, DISTRIBUTION, ETC.
Name of publisher, distributor, etc. Nandu Pub
Place of publication, distribution, etc. New Delhi
Date of publication, distribution, etc. 1999
300 ## - PHYSICAL DESCRIPTION
Extent 263
546 ## - LANGUAGE NOTE
Language note ENGLISH
654 ## - SUBJECT ADDED ENTRY--FACETED TOPICAL TERMS
Focus term Digital signal
942 ## - ADDED ENTRY ELEMENTS (KOHA)
Koha item type BOOK
Holdings
Withdrawn status Lost status Damaged status Not for loan Collection Home library Current library Date acquired Inventory number Total Checkouts Full call number Barcode Date last seen Price effective from Koha item type
        CRC Fr. Agnel's C.Rodrigues College of Engineering Fr. Agnel's C.Rodrigues College of Engineering 17/03/2023 3426   621.3822 SAB 11151 17/03/2023 17/03/2023 BOOK